Normal view
MARC view
Entry Personal Name
001 - CONTROL NUMBER
- control field: 28841
003 - CONTROL NUMBER IDENTIFIER
- control field: ARRUPE
005 - DATE AND TIME OF LATEST TRANSACTION
- control field: 20170214145908.0
008 - FIXED-LENGTH DATA ELEMENTS
- fixed length control field: 170214|| aca||aabn | a|a d
040 ## - CATALOGING SOURCE
- Original cataloging agency: ARRUPE
- Transcribing agency: ARRUPE
100 ## - HEADING--PERSONAL NAME
- Personal name: Shaw, Peter,
- Titles and other words associated with a name: CB.
670 ## - SOURCE DATA FOUND
- Source citation: Work cat.: (ARRUPE)0: Shaw, Peter, CB., Conversation matters :, 2005.